Vista normal
Vista MARC
Entrada Topical Term
Número de registros utilizados en: 4
001 - CONTROL NUMBER
- control field: 63690
003 - CONTROL NUMBER IDENTIFIER
- control field: OSt
005 - DATE AND TIME OF LATEST TRANSACTION
- control field: 20250827151524.0
008 - FIXED-LENGTH DATA ELEMENTS
- fixed length control field: 250827|| aca||aabn | a|a d
040 ## - CATALOGING SOURCE
- Original cataloging agency: OSt
- Transcribing agency: OSt
150 ## - HEADING--TOPICAL TERM
- Topical term or geographic name entry element: Novela infantil Mexicana
- Chronological subdivision: Siglo XX
670 ## - SOURCE DATA FOUND
- Source citation: Work cat.: (OSt)58624: Molina, Alicia, 1945- aut 63689, El zurcidor del tiempo /